书目信息 |
| 题名: |
智能时代
|
|
| 作者: | 吴军 著 | |
| 分册: | 下 | |
| 出版信息: | 北京 中信出版集团股份有限公司 2020.09 |
|
| 页数: | 250-490页 | |
| 开本: | 23cm | |
| 丛书名: | ||
| 单 册: | ||
| 中图分类: | TP18 , TP274 | |
| 科图分类: | ||
| 主题词: | 人工智能--ren gong zhi neng , 数据处理--shu ju chu li | |
| 电子资源: | ||
| ISBN: | 978-7-5217-1669-6 | |
| 000 | 00946nam0 2200277 450 | |
| 001 | 0109110216 | |
| 005 | 20201109144959.37 | |
| 010 | @a978-7-5217-1669-6@dCNY64.50 | |
| 100 | @a20200612d2020 em y0chiy50 ea | |
| 101 | 0 | @achi |
| 102 | @aCN@b110000 | |
| 105 | @aa z 000yy | |
| 106 | @ar | |
| 200 | 1 | @a智能时代@Azhi neng shi dai@e5G、IoT构建超级智能新机遇@h下@f吴军著 |
| 205 | @a2版 | |
| 210 | @a北京@c中信出版集团股份有限公司@d2020.09 | |
| 215 | @a250-490页@c图, 照片@d23cm | |
| 330 | @a本书对IoT、5G通信的发展,以及区块链与机器智能的紧密结合进行了阐述,呈现机器智能的原理和发展历程,及其对未来产业和社会的影响。 | |
| 517 | 1 | @a5G、IoT构建超级智能新机遇@A5G、IoT gou jian chao ji zhi neng xin ji yu |
| 606 | 0 | @a人工智能@Aren gong zhi neng |
| 606 | 0 | @a数据处理@Ashu ju chu li |
| 690 | @aTP18@v5 | |
| 690 | @aTP274@v5 | |
| 701 | 0 | @a吴军@Awu jun@4著 |
| 801 | 0 | @aCN@bBJSZM@c20201103 |
| 905 | @b1240753-5@dTP18@e245:2=2@f3 | |
| 智能时代:5G、IoT构建超级智能新机遇.下/吴军著.-2版.-北京:中信出版集团股份有限公司,2020.09 |
| 250-490页:图, 照片;23cm |
| ISBN 978-7-5217-1669-6:CNY64.50 |
| 本书对IoT、5G通信的发展,以及区块链与机器智能的紧密结合进行了阐述,呈现机器智能的原理和发展历程,及其对未来产业和社会的影响。 |
| ● |
| 相关链接 |
|
|
|
|
正题名:智能时代
索取号:TP18/245:2=2
 
预约/预借
| 序号 | 登录号 | 条形码 | 馆藏地/架位号 | 状态 | 备注 |
| 1 | 1240753 | 212407536 | 第二样本阅览室/ [索取号:TP18/245:2=2] | 在馆 | |
| 2 | 1240754 | 212407545 | 第三借阅区/ [索取号:TP18/245:2=2] | 在馆 | |
| 3 | 1240755 | 212407554 | 第三借阅区/ [索取号:TP18/245:2=2] | 在馆 |